Language Quiz

Random Language Quiz

2011-2012 PSIA Vocabulary Quiz #5 Stats

 Plays Quiz not verified by Sporcle

Challenge
Share
Tweet
Embed
Score 0/21 Timer 03:00
0 Plays Today
% Correct
fecund
76%
fetid
76%
feral
64%
fractious
60%
fugue
48%
florid
44%
fricassee
36%
grandiloquence
24%
geneaology
20%
garrulous
16%
glycemia
16%
% Correct
heinous
16%
gregarious
12%
grotesque
12%
grueling
12%
hackneyed
12%
hapless
12%
harangue
12%
haughty
12%
hegemony
12%
harangue
0%

You're not logged in!

Compare scores with friends on all Sporcle quizzes.
OR
Log In

You Might Also Like...

Show Comments

Extras

Created Jan 3, 2012ReportNominate

Top Quizzes Today


Score Distribution

Your Account Isn't Verified!

In order to create a playlist on Sporcle, you need to verify the email address you used during registration. Go to your Sporcle Settings to finish the process.

Report this User

Report this user for behavior that violates our Community Guidelines.

Details: